Selected Decisions and Selected Documents of the International Monetary Fund, 35th Issue.

Selected Decisions and Selected Documents of the International Monetary Fund includes decisions, interpretations, and resolutions of the Executive Board and Board of Governors of the IMF, as well as selected documents to which frequent reference is made in the current activities of the Fund. In addi...

Description complète

Détails bibliographiques
Collectivité auteur: International Monetary Fund
Format: Revue
Langue:English
Publié: Washington, D.C. : International Monetary Fund, 2011.
Collection:Selected Decisions; Thirty-Fifth Issue, 2010
Accès en ligne:Full text available on IMF
LEADER 01464cas a2200241 a 4500
001 AALejournalIMF023084
008 230101c9999 xx r poo 0 0eng d
020 |c 15.00 USD 
020 |z 9781616352431 
022 |a 1087-4275 
040 |a BD-DhAAL  |c BD-DhAAL 
110 2 |a International Monetary Fund. 
245 1 0 |a Selected Decisions and Selected Documents of the International Monetary Fund, 35th Issue. 
264 1 |a Washington, D.C. :  |b International Monetary Fund,  |c 2011. 
300 |a 1 online resource (1015 pages) 
490 1 |a Selected Decisions 
500 |a <strong>Off-Campus Access:</strong> No User ID or Password Required 
500 |a <strong>On-Campus Access:</strong> No User ID or Password Required 
506 |a Electronic access restricted to authorized BRAC University faculty, staff and students 
520 3 |a Selected Decisions and Selected Documents of the International Monetary Fund includes decisions, interpretations, and resolutions of the Executive Board and Board of Governors of the IMF, as well as selected documents to which frequent reference is made in the current activities of the Fund. In addition, it includes certain documents pertaining to the relations between the Fund and other international organizations. 
538 |a Mode of access: Internet 
830 0 |a Selected Decisions; Thirty-Fifth Issue, 2010 
856 4 0 |z Full text available on IMF  |u https://elibrary.imf.org/openurl?genre=book&isbn=9781616352431  |z IMF e-Library